Bunte Vögel - Statistiken

Allgemein
  • Dieses Quiz wurde 42 mal gespielt
  • Das Durchschnittsergebnis liegt bei 12 aus 16
Antwortstatistiken
Bildquiz Antwort % Korrekt
Blau{meise}
100%
Grün{specht}
100%
Rosa{flamingo}
97%
Rot{kehlchen}
97%
Grau{gans}
94%
Grau{papagei}
94%
Silber{möwe}
92%
Schwarz{storch}
89%
Silber{reiher}
83%
Weiß{kopfseeadler}
81%
Grün{fink}
75%
Gold{fasan}
53%
Rosa{kakadu}
47%
Blau{fußtölpel}
36%
Gelb{spötter}
11%
Orange{köpfchen}
8%
Keine übereinstimmenden Quizze gefunden
Verteilung der Resultate
Anzahl Personen mit jedem Resultat
Perzentil nach korrekt beantworteten Fragen
Ihre Resultats-Entwicklung
Sie haben dieses Quiz noch nicht gespielt